Octet in E flat major, op. 103. Octet rondino in E flat major, op. posth. Sextet in E flat major, op. 71. Variations in C major on Mozart's "La ci darem la mano" (Record no. 132773)
[ view plain ]
| 000 -LEADER | |
|---|---|
| fixed length control field | 01762cam8a220033701 4500 |
| 001 - CONTROL NUMBER | |
| control field | qcf00652261 |
| 005 - DATE AND TIME OF LATEST TRANSACTION | |
| control field | 20190822112136.0 |
| 007 - PHYSICAL DESCRIPTION FIXED FIELD--GENERAL INFORMATION | |
| fixed length control field | sdubmmennuuunu |
| 008 - FIXED-LENGTH DATA ELEMENTS--GENERAL INFORMATION | |
| fixed length control field | 831019q19501959nyu n d |
| 035 ## - SYSTEM CONTROL NUMBER | |
| System control number | (Sirsi) r51160 |
| 035 ## - SYSTEM CONTROL NUMBER | |
| System control number | (QCAT)lss03909612 |
| 035 ## - SYSTEM CONTROL NUMBER | |
| System control number | (UPRA)qcf00652261 |
| 040 ## - CATALOGING SOURCE | |
| Modifying agency | UPRA |
| 100 1# - MAIN ENTRY--PERSONAL NAME | |
| Personal name | Beethoven, Ludwig van, 1770-1827. |
| Dates associated with a name | Beethoven, Ludwig van, 1770-1827. |
| Linkage | A9080.1 |
| 240 10 - UNIFORM TITLE | |
| Uniform title | Octet, woodwinds, horns (2), op. 103, E-flat major |
| Medium of performance for music | Octet, woodwinds, horns (2), op. 103, E-flat major |
| Number of part/section of a work | Octet, woodwinds, horns (2), op. 103, E-flat major |
| Key for music | Octet, woodwinds, horns (2), op. 103, E-flat major |
| 245 10 - TITLE STATEMENT | |
| Title | Octet in E flat major, op. 103. Octet rondino in E flat major, op. posth. Sextet in E flat major, op. 71. Variations in C major on Mozart's "La ci darem la mano" |
| Medium | [sound recording] / |
| Statement of responsibility, etc. | Beethoven. |
| 260 ## - PUBLICATION, DISTRIBUTION, ETC. | |
| Place of publication, distribution, etc. | New York : |
| Name of publisher, distributor, etc. | Westminster, |
| Date of publication, distribution, etc. | [195-?] |
| 500 ## - GENERAL NOTE | |
| General note | Sleeve notes. |
| 511 0# - PARTICIPANT OR PERFORMER NOTE | |
| Participant or performer note | Vienna Philharmonic Wind Group. |
| 650 #0 - SUBJECT ADDED ENTRY--TOPICAL TERM | |
| Topical term or geographic name entry element | Wind octets (Bassoons (2), clarinets (2), horns (2), oboes (2)) |
| Linkage | S6138.1 |
| 650 #0 - SUBJECT ADDED ENTRY--TOPICAL TERM | |
| Topical term or geographic name entry element | Rondos (Bassoons (2), clarinets (2), horns (2), oboes (2)) |
| Linkage | S6139.1 |
| 700 ## - ADDED ENTRY--PERSONAL NAME | |
| Personal name | 1 a35.1..1.22 d35.1..24.10 t35.1..35.8 m35.1..44.21 n35.1..66.7 r35.1..74.13 |
| Medium | Sound recording. |
| Linkage | A9081.1 |
| 700 ## - ADDED ENTRY--PERSONAL NAME | |
| Personal name | 1 a35.2..1.22 d35.2..24.10 t35.2..35.8 m35.2..44.27 n35.2..72.7 r35.2..80.13 |
| Medium | Sound recording. |
| Linkage | A9082.1 |
| 700 ## - ADDED ENTRY--PERSONAL NAME | |
| Personal name | 1 a35.3..1.22 d35.3..24.10 t35.3..35.68 |
| Medium | Sound recording. |
| Linkage | A9080.2 |
| 710 ## - ADDED ENTRY--CORPORATE NAME | |
| Corporate name or jurisdiction name as entry element | 2 a35.4..1.22 b35.4..24.18 |
| Relationship | prf. |
| Linkage | A9083.1 |
| 949 ## - LOCAL PROCESSING INFORMATION (OCLC) | |
| a | M857 |
| w | lcc |
| i | -64875 |
| m | MAIN |
| t | BOOK |
| l | ON-SHELF |
| 949 ## - LOCAL PROCESSING INFORMATION (OCLC) | |
| a | M857 |
| w | lcc |
| i | -64876 |
| m | MAIN |
| t | BOOK |
| l | ON-SHELF |
| 949 ## - LOCAL PROCESSING INFORMATION (OCLC) | |
| a | M857 |
| w | lcc |
| i | -64877 |
| m | MAIN |
| t | BOOK |
| l | ON-SHELF |
| 949 ## - LOCAL PROCESSING INFORMATION (OCLC) | |
| a | M857 |
| w | lcc |
| i | -64878 |
| m | MAIN |
| t | BOOK |
| l | ON-SHELF |
No items available.